Name Dropping #3: U.S. Representatives - Statistics

General Stats
  • This quiz has been taken 75 times
  • The average score is 18 of 34
Answer Stats
Hint Extra Hint Answer % Correct
Lauren CO-3 Boebert
80%
Nancy CA-11 Pelosi
80%
Marjorie Taylor GA-14 Greene
78%
Alexandria NY-14 Ocasio-Cortez
78%
Ilhan MN-5 Omar
78%
Matt FL-1 Gaetz
75%
Adam B. CA-30 Schiff
68%
Hakeem S. NY-8 Jeffries
65%
Jim OH-4 Jordan
65%
George NY-3 Santos
60%
Maxine CA-43 Waters
60%
Jasmine TX-30 Crockett
58%
Pramila WA-7 Jayapal
58%
Elise M. NY-21 Stefanik
58%
Rashida MI-12 Tlaib
58%
Dan TX-2 Crenshaw
55%
Cori MO-1 Bush
50%
Mike LA-4 Johnson
50%
Katie CA-47 Porter
50%
Jamaal NY-16 Bowman
48%
Ro CA-17 Khanna
48%
Andy AZ-5 Biggs
45%
Anna Paulina FL-13 Luna
45%
Jerrold NY-12 Nadler
45%
Eric CA-14 Swalwell
45%
Paul A. AZ-9 Gosar
43%
Zoe CA-18 Lofgren
43%
Jamie MD-8 Raskin
43%
Joaquin TX-20 Castro
40%
Jared FL-23 Moskowitz
40%
Scott PA-10 Perry
40%
Virginia NC-5 Foxx
33%
Nancy SC-1 Mace
30%
James KY-1 Comer
28%
No matching quizzes found
Score Distribution
Percent of People with Each Score
Percentile by Number Answered
Your Score History
You have not taken this quiz